Tools for monitoring robust regression in SAS IML studio S, MM, LTS, LMS and especially the forward search /

Bibliographic Details
Main Author: Torti, Francesca
Other Authors: Riani, Marco, Atkinson, Anthony C., Perrotta, Domenico, Corbellini, Aldo
Format: eBook
Language:English
Published: Bruselas: European Union Publications Office, 2020
Subjects:
Online Access:Acceso restringido

MARC

LEADER 00000nam a22000007a 4500
005 20220418220513.0
007 cr|||| ||||
008 220418s2020 eu |||||s|||| 00||0 eng d
020 |a 978-92-76-21438-0 
035 |a 34191 
040 |a vLex 
090 |c 13192  |d 13192 
100 1 |a Torti, Francesca 
245 1 0 |a  Tools for monitoring robust regression in SAS IML studio  |h [Recurso electrn̤ico] :  |b S, MM, LTS, LMS and especially the forward search /  |c Francesca Torti, Marco Riani, Anthony C. Atkinson, Domenico Perrotta, Aldo Corbellini 
256 |a Servicio en ln̕ea 
260 |a Bruselas:  |b European Union Publications Office,  |c 2020 
300 |a 1 recurso electrn̤ico 
506 1 |a Disponible solo en los productos indicados  |d vLex Global  |d vLex Global (Academic Edition, excluding Law Schools)  |d vLex Global (U.S. Academic Edition, Law Schools)  |d vLex Global (U.S. Academic Edition, excluding Law Schools)  |d vLex Global (Academic Edition, Law Schools) 
650 0 4 |a Derecho Comunitario  |z Unin̤ Europea 
650 0 4 |a Derecho de las Nuevas Tecnologa̕s  |z Unin̤ Europea 
700 1 |a Riani, Marco 
700 1 |a Atkinson, Anthony C. 
700 1 |a Perrotta, Domenico 
700 1 |a Corbellini, Aldo 
740 0 |a vLex Libros (Servicio en ln̕ea) 
856 4 0 |u https://app.vlex.com/#/sources/34191  |z Acceso restringido 
942 |c BOOK 
999 0 |a Community Law 
999 0 |a Law of New Technologies